00973nam a22001817a 4500003000500000005001700005020001500022082001400037100003000051245005100081260003700132300004500169505039700214650002300611942001200634999001900646952012600665NUST20251008185930.0 a0863188079 a621.3,BIE aBiesty's, Stephen9131052 aIncredible Cross-Sections /bStephen Biesty's  aDorling KindersleybLondonc1992 a48 pb18 Amazing Buildings and Machines  aCastle (Page-4), Observatory (Page-6), Galleon (Page-8), Ocean Linear (Page-10), Submarine (Page-16), Coal Mine (Page-18), Tank (Page-20), Oil Rig (Page-22), Cathedral (Page-24), Jumbo Jet (Page-26), Car Factory (Page-28), Helicopter (Page-30), Opera House (Page-32), Steam Train (Page-34), Subway Station (Page-40), Fishing Trawler (Page-42), Empire State (Page-44), Space Shuttle (Page-46). aIncredible9131053 2ddccBK c615129d615129 00102ddc4070aMCSbMCScGENd2025-10-08l0o621.3,BIEpMCS34550r2025-10-08w2025-10-08yBKzAlmirah No.76, Shelf No.2